Sports Quiz

Random Sports Quiz

Muggle Quidditch Basics Quiz Stats

 Plays Quiz not verified by Sporcle

Score 0/20 Timer 10:00
0 Plays Today
Question Answer % Correct
????
100%
????
31.3%
????
29.2%
????
29.2%
????
25%
????
25%
????
25%
????
25%
????
25%
????
25%
Question Answer % Correct
????
22.9%
????
20.8%
????
20.8%
????
20.8%
????
20.8%
????
20.8%
????
20.8%
????
18.8%
????
18.8%
????
16.7%

You're not logged in!

Compare scores with friends on all Sporcle quizzes.
OR
Log In

Sporcle TV

Today on Sporcle TV


Watch our educational content, quiz creation guides, and fun videos on Sporcle TV.

Show Comments

Extras

Created Jul 28, 2016ReportNominate
Tags:Quidditch, World Sports

Top Quizzes Today


Score Distribution

Your Account Isn't Verified!

In order to create a playlist on Sporcle, you need to verify the email address you used during registration. Go to your Sporcle Settings to finish the process.

Report this User

Report this user for behavior that violates our Community Guidelines.

Details: